000
00340nam a22001577a 4500
003
SGT
020
_a
9789354491047
082
_a
005,TAN
100
_a
TAN,PANG-NING
245
_a
INTRODUCTION TO DATA MINING
250
_a
2ND
260
_a
INDIA
_b
PEARSON
_c
2023
300
_a
856
650
_a
COMPUTER SCIENCE
942
_2
ddc
_c
BK
_0
5
999
_c
24986
_d
24986